书目信息 |
| 题名: |
高校辅导员的七项修炼
|
|
| 作者: | 徐川 著 | |
| 分册: | ||
| 出版信息: | 北京 人民出版社 2022.04 |
|
| 页数: | 313页 | |
| 开本: | 21cm | |
| 丛书名: | ||
| 单 册: | ||
| 中图分类: | G645.18 , G645.1 | |
| 科图分类: | ||
| 主题词: | 高等学校--辅导员--工作--研究 | |
| 电子资源: | ||
| ISBN: | 978-7-01-024458-7 | |
| 000 | 00817nam0 2200265 450 | |
| 001 | 2537776921 | |
| 005 | 20250509103130.35 | |
| 010 | @a978-7-01-024458-7@dCNY39.00 | |
| 090 | @aG645@bxc | |
| 096 | @aG645@bxc | |
| 100 | @a20220610d2022 em y0chiy50 ea | |
| 101 | 0 | @achi |
| 102 | @aCN@b110000 | |
| 105 | @ay z 000yy | |
| 200 | 1 | @a高校辅导员的七项修炼@f徐川等著@9gao xiao fu dao yuan de qi xiang xiu lian |
| 210 | @a北京@c人民出版社@d2022.04 | |
| 215 | @a313页@d21cm | |
| 330 | @a本书共七项,内容包括:谈话修炼,管理修炼,表达修炼,科研修炼,理论修炼,网络修炼,规划修炼。 | |
| 503 | @n河南城建学院图书馆 | |
| 606 | 0 | @a高等学校@x辅导员@x工作@x研究 |
| 690 | @aG645.18@v5 | |
| 690 | @aG645.1@v4 | |
| 701 | 0 | @a徐川@4著@9xu chuan |
| 801 | 0 | @aCN@bMuseLib.NET@c20220610 |
| 905 | @aZUCC@dG645.1@eX685 | |
| 高校辅导员的七项修炼/徐川等著.-北京:人民出版社,2022.04 |
| 313页;21cm |
| ISBN 978-7-01-024458-7:CNY39.00 |
| 本书共七项,内容包括:谈话修炼,管理修炼,表达修炼,科研修炼,理论修炼,网络修炼,规划修炼。 |
| ● |
| 相关链接 |
|
|
|
正题名:高校辅导员的七项修炼
索取号:G645.1/X685
 
预约/预借
| 序号 | 登录号 | 条形码 | 馆藏地/架位号 | 状态 | 备注 |
| 1 | 1555030 | 215550302 | 计算机与数据科学学院资料室/ [索取号:G645.1/X685] | 在馆 |